[Event "FRA-chT2 0910"]
[Site "France"]
[Date "2009.11.22"]
[Round "4.1"]
[White "Bardel, Stephan"]
[Black "Rusev, Krasimir"]
[Result "0-1"]
[WhiteElo "2245"]
[BlackElo "2537"]
[PlyCount "70"]
[EventDate "2009.09.27"]
[EventType "team-tourn"]
[EventRounds "11"]
[EventCountry "FRA"]
[SourceTitle "EXT 2011"]
[Source "ChessBase"]
[SourceDate "2010.11.26"]
[SourceVersion "1"]
[SourceVersionDate "2010.11.26"]
[SourceQuality "1"]

1. c4 e6 2. Nf3 d5 3. g3 dxc4 4. Bg2 Nd7 5. Qc2 c5 6. Na3 Ngf6 7. Nxc4 b5 8. Nce5 Nxe5 9. Nxe5 Nd5 10. Qb3 a6 11. a4 c4 12. Qd1 Bb7 13. 0-0 Bd6 14. d4 0-0 15. Bd2 Qc7 16. Nf3 Nf6 17. Qe1 Bc6 18. axb5 axb5 19. Rxa8 Rxa8 20. Bb4 Ra4 21. Bxd6 Qxd6 22. Qd2 h6 23. Ne5 Bd5 24. Rc1 Qb4 25. Qxb4 Rxb4 26. Rc2 Bxg2 27. Kxg2 Ra4 28. e3 Nd5 29. b3 cxb3 30. Rb2 Ra3 31. Nd3 Ra2 32. Rxb3 Nxe3+ 33. Kh3 Nd1 34. Rxb5 Rd2 35. Rb3 Rxd3 0-1

[Event "Reunion op 11th"]
[Site "St Denis"]
[Date "2009.10.17"]
[Round "9"]
[White "Ane, Regis"]
[Black "Bardel, Stephan"]
[Result "1/2-1/2"]
[WhiteElo "1986"]
[BlackElo "2246"]
[PlyCount "128"]
[EventDate "2009.10.10"]
[EventType "swiss"]
[EventRounds "9"]
[EventCountry "RUF"]
[SourceTitle "CBM 132 Extra"]
[Source "ChessBase"]
[SourceDate "2009.11.03"]
[SourceVersion "1"]
[SourceVersionDate "2009.11.03"]
[SourceQuality "1"]

1. e4 c5 2. Na3 Nc6 3. Bb5 g6 4. c3 Nf6 5. d3 Bg7 6. f4 0-0 7. Nf3 Qc7 8. 0-0 d6 9. Nc2 a6 10. Bxc6 Qxc6 11. Qe2 b5 12. Re1 Bg4 13. Ne3 Bxf3 14. Qxf3 c4 15. Nd5 Rfe8 16. Nxf6+ exf6 17. d4 f5 18. e5 Qxf3 19. gxf3 d5 20. a4 Kf8 21. b3 cxb3 22. Ba3+ Kg8 23. Bc5 Reb8 24. Reb1 bxa4 25. Rxa4 a5 26. Kf2 Bh6 27. Ke3 f6 28. e6 Re8 29. e7 Bf8 30. Rxb3 Bxe7 31. Bxe7 Rxe7+ 32. Kf2 Kg7 33. Rb5 Rc8 34. Ra3 Rec7 35. Rbxa5 Rxc3 36. Rxc3 Rxc3 37. Rxd5 Rc2+ 38. Kg3 Rd2 39. Rd7+ Kf8 40. Rxh7 Rxd4 41. Ra7 Rd2 42. h4 Re2 43. Rb7 Re7 44. Rb5 Kg7 45. h5 gxh5 46. Rxf5 Kg6 47. Ra5 Re1 48. Kf2 Rh1 49. Kg3 Rg1+ 50. Kf2 Rh1 51. Kg2 Rc1 52. Kg3 Rc4 53. Rb5 Ra4 54. Rc5 Rb4 55. Ra5 Rb3 56. Rc5 Ra3 57. Rb5 Rc3 58. Ra5 Rc8 59. Rb5 Ra8 60. Rc5 Rb8 61. Ra5 Rh8 62. Kh4 Rb8 63. Kg3 Rb4 64. Rc5 Rb1 1/2-1/2

[Event "FRA-ch Accession"]
[Site "Chartres"]
[Date "2005.08.25"]
[Round "9"]
[White "Mevel, Alberic"]
[Black "Bardel, Stephan"]
[Result "1-0"]
[WhiteElo "2300"]
[BlackElo "2251"]
[PlyCount "83"]
[EventDate "2005.08.15"]
[EventType "swiss"]
[EventRounds "10"]
[EventCountry "FRA"]
[SourceTitle "EXT 2006"]
[Source "ChessBase"]
[SourceDate "2005.11.24"]
[SourceVersion "1"]
[SourceVersionDate "2005.11.24"]
[SourceQuality "1"]

1. e4 c5 2. Nf3 e6 3. d4 cxd4 4. Nxd4 Nf6 5. Nc3 Nc6 6. Ndb5 Bb4 7. a3 Bxc3+ 8. Nxc3 d5 9. exd5 exd5 10. Bd3 0-0 11. 0-0 d4 12. Ne2 Re8 13. h3 Qd5 14. b4 Ne5 15. Bb2 g5 16. Nxd4 g4 17. h4 b6 18. c4 Nxc4 19. Bxc4 Qxc4 20. Qd2 Qd5 21. Qh6 Bb7 22. f3 Nh5 23. Rad1 Rad8 24. Ne6 Rxe6 25. Rxd5 Rxd5 26. Qc1 Ng3 27. Qc7 Ne2+ 28. Kh2 g3+ 29. Kh3 Bc6 30. f4 Bd7 31. f5 Re8 32. Qc4 Rd6 33. h5 Nd4 34. Bxd4 Re4 35. Rd1 Bxf5+ 36. Kxg3 Be6 37. Qc3 Rd5 38. Kf2 Rxh5 39. Bh8 Rf5+ 40. Kg1 Kf8 41. Rd8+ Ke7 42. Qc7+ 1-0

[Event "FRA-chT N1"]
[Site "France"]
[Date "2005.05.05"]
[Round "8.3"]
[White "Bogdanov, Emil"]
[Black "Bardel, Stephan"]
[Result "1/2-1/2"]
[WhiteElo "2250"]
[BlackElo "2277"]
[PlyCount "33"]
[EventDate "2005.05.05"]
[EventType "team"]
[EventRounds "11"]
[EventCountry "FRA"]
[SourceTitle "EXT 2006"]
[Source "ChessBase"]
[SourceDate "2005.11.24"]
[SourceVersion "1"]
[SourceVersionDate "2005.11.24"]
[SourceQuality "1"]

1. c4 e6 2. g3 Nf6 3. Bg2 d5 4. Nf3 Be7 5. 0-0 0-0 6. d4 c6 7. Qc2 Nbd7 8. Nbd2 b6 9. e4 dxe4 10. Nxe4 Nxe4 11. Qxe4 Bb7 12. Bf4 Rc8 13. Rad1 Ba6 14. Qc2 b5 15. Ne5 Nxe5 16. dxe5 Qb6 17. Be4 1/2-1/2

[Event "Grenoble Masters 3rd"]
[Site "Grenoble"]
[Date "2004.06.23"]
[Round "7"]
[White "Bardel, Stephan"]
[Black "Foisor, Ovidiu Doru"]
[Result "0-1"]
[WhiteElo "2278"]
[BlackElo "2411"]
[PlyCount "56"]
[EventDate "2004.06.19"]
[EventType "tourn"]
[EventRounds "9"]
[EventCountry "FRA"]
[EventCategory "3"]
[SourceTitle "CBM 100 Extra"]
[Source "ChessBase"]
[SourceDate "2004.07.06"]
[SourceVersion "2"]
[SourceVersionDate "2004.07.06"]
[SourceQuality "1"]

1. c4 g6 2. Nf3 Bg7 3. e4 d6 4. d4 Nf6 5. Nc3 0-0 6. Be2 Bg4 7. Be3 Nfd7 8. Rc1 c5 9. d5 Na6 10. 0-0 Nc7 11. Nd2 Bxe2 12. Qxe2 a6 13. f4 b5 14. e5 bxc4 15. Nxc4 Nb5 16. e6 fxe6 17. dxe6 Nb6 18. f5 gxf5 19. Nxb6 Qxb6 20. Qh5 Nxc3 21. bxc3 Qb7 22. Rf4 Rf6 23. Rh4 h6 24. g4 Qf3 25. Re1 Rxe6 26. Bf2 Rxe1+ 27. Bxe1 fxg4 28. Rh3 Qe4 0-1

[Event "Grenoble Masters 3rd"]
[Site "Grenoble"]
[Date "2004.06.21"]
[Round "3"]
[White "Aguettaz, Maxime"]
[Black "Bardel, Stephan"]
[Result "1-0"]
[WhiteElo "2349"]
[BlackElo "2278"]
[PlyCount "80"]
[EventDate "2004.06.19"]
[EventType "tourn"]
[EventRounds "9"]
[EventCountry "FRA"]
[EventCategory "3"]
[SourceTitle "CBM 100 Extra"]
[Source "ChessBase"]
[SourceDate "2004.07.06"]
[SourceVersion "2"]
[SourceVersionDate "2004.07.06"]
[SourceQuality "1"]

1. c4 e6 2. Nf3 Nf6 3. Nc3 c5 4. g3 b6 5. Bg2 Bb7 6. 0-0 Be7 7. Re1 d6 8. e4 e5 9. d3 Nc6 10. a3 h5 11. Rb1 a5 12. Nd5 Kf8 13. Bd2 Bc8 14. h3 Nxd5 15. exd5 Nb8 16. Nxe5 dxe5 17. Rxe5 Ra7 18. Rxh5 Kg8 19. Rxh8+ Kxh8 20. Qh5+ Kg8 21. Be4 f5 22. Bxf5 Bxf5 23. Qxf5 Bf6 24. Bc3 Rf7 25. Qe6 Bxc3 26. bxc3 Qf6 27. Qxf6 Rxf6 28. f4 Nd7 29. Kg2 a4 30. Re1 Rd6 31. Re6 Rxe6 32. dxe6 Nf6 33. Kf3 Kf8 34. g4 Ke7 35. f5 Ne8 36. Ke4 b5 37. cxb5 Nd6+ 38. Kd5 Nxb5 39. Kxc5 Nxc3 40. Kb4 Nb1 1-0

[Event "Grenoble Masters 3rd"]
[Site "Grenoble"]
[Date "2004.06.20"]
[Round "2"]
[White "Bardel, Stephan"]
[Black "Van Hoolandt, Patrick"]
[Result "0-1"]
[WhiteElo "2278"]
[BlackElo "2237"]
[PlyCount "58"]
[EventDate "2004.06.19"]
[EventType "tourn"]
[EventRounds "9"]
[EventCountry "FRA"]
[EventCategory "3"]
[SourceTitle "CBM 100 Extra"]
[Source "ChessBase"]
[SourceDate "2004.07.06"]
[SourceVersion "2"]
[SourceVersionDate "2004.07.06"]
[SourceQuality "1"]

1. Nf3 Nf6 2. c4 e6 3. g3 b6 4. Bg2 Bb7 5. 0-0 Be7 6. d4 0-0 7. Nc3 d5 8. cxd5 exd5 9. Ne5 Na6 10. Qa4 c5 11. Rd1 cxd4 12. Qxd4 Bc5 13. Qa4 Qe7 14. Ng4 Nxg4 15. Qxg4 Qe6 16. Qh5 g6 17. Qh4 Rad8 18. Bg5 f6 19. Bh6 Rfe8 20. e3 Nc7 21. Ne2 g5 22. Qh5 Bxe3 23. fxe3 Qxe3+ 24. Kh1 Qxe2 25. Bf3 d4 26. Rf1 Re3 27. Bxg5 Bxf3+ 28. Rxf3 Qxf3+ 29. Qxf3 Rxf3 0-1

[Event "FRA-chT2 0304a"]
[Site "France"]
[Date "2004.02.04"]
[Round "7.1"]
[White "Bardel, Stephan"]
[Black "Lazarev, Vladimir"]
[Result "0-1"]
[WhiteElo "2278"]
[BlackElo "2525"]
[PlyCount "82"]
[EventDate "2003.10.??"]
[EventType "team"]
[EventRounds "11"]
[EventCountry "FRA"]
[SourceTitle "EXT 2005"]
[Source "ChessBase"]
[SourceDate "2004.11.15"]
[SourceVersion "1"]
[SourceVersionDate "2004.11.15"]
[SourceQuality "1"]
[WhiteTeam "Grenoble"]
[BlackTeam "Lyon Olympique"]
[WhiteTeamCountry "FRA"]
[BlackTeamCountry "FRA"]

1. c4 c5 2. Nf3 g6 3. e4 Bg7 4. d4 Qb6 5. dxc5 Qxc5 6. Bd3 d6 7. 0-0 Nc6 8. Qb3 Nf6 9. Nc3 0-0 10. Nd5 Nd7 11. Rb1 Qa5 12. Qc2 e6 13. b4 Qd8 14. Nc3 Nde5 15. Nxe5 Nxe5 16. Be2 Bd7 17. Be3 Qc7 18. c5 dxc5 19. bxc5 Bc6 20. Nb5 Bxb5 21. Rxb5 Nc6 22. Rfb1 Rab8 23. Qa4 Rfd8 24. g3 h5 25. Kg2 Rd7 26. h4 Kh7 27. Rd1 Rxd1 28. Qxd1 Rd8 29. Qa4 Rd7 30. Bf4 Be5 31. Be3 Bd4 32. Bf4 e5 33. Bg5 a6 34. Rb1 Bxc5 35. g4 Nd4 36. Rc1 Rd6 37. Qe8 Qd7 38. Qxe5 Nxe2 39. Rxc5 Qxg4+ 40. Kh2 Qg1+ 41. Kh3 Qh1+ 0-1

[Event "Chambery op 8th"]
[Site "Chambery"]
[Date "2002.08.10"]
[Round "9"]
[White "Bardel, Stephan"]
[Black "Brunner, Nicolas"]
[Result "1-0"]
[WhiteElo "2285"]
[BlackElo "2253"]
[PlyCount "129"]
[EventDate "2002.08.02"]
[EventType "swiss"]
[EventRounds "9"]
[EventCountry "FRA"]
[SourceTitle "EXT 2016"]
[Source "ChessBase"]
[SourceDate "2015.10.08"]
[SourceVersion "1"]
[SourceVersionDate "2015.10.08"]
[SourceQuality "1"]

1. c4 e5 2. Nc3 d6 3. Nf3 f5 4. d4 e4 5. Nd2 Nf6 6. e3 g6 7. Be2 Bg7 8. g4 Nxg4 9. Bxg4 fxg4 10. Ndxe4 0-0 11. Bd2 c6 12. Qb3 Kh8 13. 0-0-0 Qc7 14. Rdg1 Be6 15. Ng5 Bg8 16. Rxg4 b5 17. h4 bxc4 18. Qc2 Na6 19. a3 Rxf2 20. h5 Raf8 21. hxg6 Rf1+ 22. Rxf1 Rxf1+ 23. Nd1 h6 24. Qe4 Qb7 25. Qg2 Rf8 26. Bc3 Qd7 27. Rh4 Qf5 28. Rxh6+ Bxh6 29. d5+ Rf6 30. Ne4 Bxd5 31. Qh2 Kg7 32. Nxf6 Kxg6 33. Qxd6 Be6 34. Nd7 Kh5 35. Nf6+ Kg6 36. Nd7 Kh5 37. Qh2+ Qh3 38. Nf6+ Kg6 39. Qg1+ Bg5 40. Ne4 Qg4 41. Qxg4 Bxg4 42. Bd4 c5 43. Nxc5 Nxc5 44. Bxc5 a6 45. Kd2 Kf5 46. Nc3 Ke6 47. Bd4 Bd8 48. Na2 Bf3 49. Kc3 Ba5+ 50. Kc2 Be4+ 51. Kc1 Bf5 52. Bc3 Bb6 53. Kd2 a5 54. Bd4 Bd8 55. Nc3 Bd3 56. Na4 Be4 57. Nc5+ Kd5 58. Kc3 Bf3 59. e4+ Bxe4 60. Nxe4 Kxe4 61. Kxc4 a4 62. Bc3 Bg5 63. Kb4 Kd5 64. Kxa4 Be7 65. Kb5 1-0

[Event "Grenoble Masters 1st"]
[Site "Grenoble"]
[Date "2002.06.29"]
[Round "8"]
[White "Aguettaz, Maxime"]
[Black "Bardel, Stephan"]
[Result "1-0"]
[WhiteElo "2206"]
[BlackElo "2291"]
[PlyCount "113"]
[EventDate "2002.06.22"]
[EventType "tourn"]
[EventRounds "9"]
[EventCountry "FRA"]
[EventCategory "3"]
[SourceTitle "CBM 088 Extra"]
[Source "ChessBase"]
[SourceDate "2002.07.01"]
[SourceVersion "2"]
[SourceVersionDate "2002.07.01"]
[SourceQuality "1"]

1. Nf3 Nf6 2. g3 c5 3. Bg2 Nc6 4. 0-0 d5 5. d3 e6 6. Nbd2 Be7 7. e4 0-0 8. Re1 b5 9. e5 Nd7 10. Nf1 b4 11. h4 Nd4 12. Nxd4 cxd4 13. Qg4 Kh8 14. Qxd4 Qc7 15. Bg5 Bxg5 16. hxg5 Qxc2 17. Rac1 Qa4 18. Ne3 Qa5 19. Nc4 Qd8 20. Nd6 Ba6 21. Rc6 Nb8 22. Rc2 Qxg5 23. Bxd5 exd5 24. Qxd5 Nd7 25. Qxa8 Qg6 26. Qxa7 Nxe5 27. Rxe5 Qxd6 28. Qe7 Qxe7 29. Rxe7 Bxd3 30. Rxf7 Ra8 31. Rd2 Bc4 32. Rf4 Bxa2 33. Rxb4 Kg8 34. b3 Bb1 35. f3 h6 36. Kf2 Bf5 37. Rb7 Rf8 38. Re7 Rb8 39. Re5 Bg6 40. Rb2 Rb4 41. Re3 Bf7 42. Ke2 h5 43. Kd2 Rb6 44. b4 Bd5 45. Kc3 Rf6 46. f4 h4 47. gxh4 Rxf4 48. b5 Rxh4 49. b6 Rc4+ 50. Kd3 Rc8 51. b7 Rb8 52. Re7 Kf8 53. Rc7 Be6 54. Kd4 Ke8 55. Ke5 Kd8 56. Rxg7 Bd7 57. Kd6 1-0

[Event "FRA-chT2"]
[Site "France"]
[Date "2002.03.10"]
[Round "10"]
[White "Lebel Arias, Julia"]
[Black "Bardel, Stephan"]
[Result "0-1"]
[WhiteElo "2066"]
[BlackElo "2294"]
[PlyCount "110"]
[EventDate "2002.??.??"]
[EventType "team"]
[EventRounds "11"]
[EventCountry "FRA"]
[SourceTitle "EXT 2003"]
[Source "ChessBase"]
[SourceDate "2002.11.25"]
[SourceVersion "1"]
[SourceVersionDate "2002.11.25"]
[SourceQuality "1"]

1. d4 Nf6 2. Bg5 e6 3. Nf3 h6 4. Bh4 b6 5. Nbd2 Ba6 6. h3 c5 7. c3 Nc6 8. a3 Be7 9. g4 cxd4 10. cxd4 Rc8 11. Bg2 Nd5 12. Bg3 g5 13. Ne4 d6 14. Qa4 Bb7 15. e3 a6 16. Rc1 0-0 17. 0-0 Kg7 18. Nc3 b5 19. Qd1 Na5 20. Nxd5 Bxd5 21. Rxc8 Qxc8 22. Nd2 Bxg2 23. Kxg2 Qb7+ 24. Kg1 Nc4 25. Qc2 Nxd2 26. Qxd2 Rc8 27. Rc1 Rc6 28. Rc3 Qc8 29. Rxc6 Qxc6 30. Qe2 d5 31. f3 a5 32. Be1 a4 33. Qd2 Qc4 34. e4 Bf6 35. e5 Bd8 36. Kg2 Bb6 37. Bf2 Bd8 38. Be3 f6 39. f4 fxe5 40. fxe5 Be7 41. h4 gxh4 42. Bxh6+ Kg6 43. Be3 Qb3 44. Qf2 Qd3 45. Kh2 Qe4 46. Bf4 Bd8 47. Kh3 Qh1+ 48. Bh2 Be7 49. Qc2+ Qe4 50. Qf2 Qd3+ 51. Kg2 h3+ 52. Kh1 Qe4+ 53. Kg1 Bg5 54. Kf1 Qb1+ 55. Ke2 Qxb2+ 0-1

[Event "FRA-chT2"]
[Site "France"]
[Date "2002.03.08"]
[Round "8"]
[White "Bardel, Stephan"]
[Black "Ricou, Pierre"]
[Result "1-0"]
[WhiteElo "2294"]
[BlackElo "2267"]
[PlyCount "149"]
[EventDate "2002.??.??"]
[EventType "team"]
[EventRounds "11"]
[EventCountry "FRA"]
[SourceTitle "EXT 2003"]
[Source "ChessBase"]
[SourceDate "2002.11.25"]
[SourceVersion "1"]
[SourceVersionDate "2002.11.25"]
[SourceQuality "1"]

1. c4 c6 2. Nf3 d5 3. d4 Nf6 4. Nc3 dxc4 5. a4 Bf5 6. e3 e6 7. Bxc4 Nbd7 8. 0-0 Bb4 9. Qe2 Bg6 10. Bd2 0-0 11. Rfd1 Re8 12. Ne4 Bxd2 13. Nexd2 Qa5 14. Bd3 Bh5 15. Nc4 Qb4 16. Qd2 Qe7 17. Be2 Bxf3 18. Bxf3 e5 19. dxe5 Nxe5 20. Nxe5 Qxe5 21. Qb4 Qe7 22. Qxe7 Rxe7 23. Rd4 Kf8 24. Rad1 Ke8 25. a5 a6 26. h4 Rd7 27. Rxd7 Nxd7 28. Rd4 Nc5 29. Rb4 Rd8 30. Rb6 Rd7 31. b4 Nd3 32. b5 cxb5 33. Bxb7 Nb4 34. Bxa6 Nxa6 35. Rxa6 Rd1+ 36. Kh2 Ra1 37. h5 b4 38. g4 b3 39. Rb6 Rxa5 40. Rxb3 g6 41. h6 Ke7 42. Kg3 g5 43. Rb7+ Kf6 44. Rb6+ Ke7 45. Rb8 Ra6 46. Rg8 Rxh6 47. Rxg5 Ra6 48. Re5+ Kf6 49. f4 h6 50. Kf3 Rb6 51. Rc5 Ra6 52. Rc3 Rb6 53. Rd3 Kg6 54. e4 f6 55. Kg3 h5 56. f5+ Kg5 57. gxh5 Kxh5 58. Kf4 Kh6 59. Rg3 Kh7 60. Rg6 Ra6 61. Ke3 Ra3+ 62. Kd4 Ra4+ 63. Kd3 Ra6 64. Rg4 Rb6 65. Kc4 Ra6 66. Kb5 Rd6 67. Kc5 Ra6 68. Rg2 Ra5+ 69. Kd4 Ra6 70. Kd5 Rb6 71. Rc2 Rb7 72. Ke6 Rb4 73. Kf7 Kh6 74. Kxf6 Rb6+ 75. Ke5 1-0

[Event "FRA-chT2S 9798"]
[Site "France"]
[Date "1998.??.??"]
[Round "10"]
[White "Bardel, Stephan"]
[Black "Veysseyre, Didier"]
[Result "1/2-1/2"]
[WhiteElo "2240"]
[BlackElo "2190"]
[PlyCount "141"]
[EventDate "1997.??.??"]
[EventType "team"]
[EventRounds "9"]
[EventCountry "FRA"]
[SourceTitle "EXT 2003"]
[Source "ChessBase"]
[SourceDate "2002.11.25"]
[SourceVersion "1"]
[SourceVersionDate "2002.11.25"]
[SourceQuality "1"]

1. e4 e6 2. d4 d5 3. Nc3 Nf6 4. Bg5 Be7 5. e5 Nfd7 6. Bxe7 Qxe7 7. f4 0-0 8. Nf3 c5 9. Bd3 f6 10. 0-0 Nc6 11. Bb5 fxe5 12. Bxc6 bxc6 13. Nxe5 cxd4 14. Nxc6 Qc5 15. Nxd4 e5 16. fxe5 Rxf1+ 17. Kxf1 Ba6+ 18. Kg1 Nxe5 19. Kh1 Nd3 20. cxd3 Qxd4 21. Qf3 Rf8 22. Qxd5+ Qxd5 23. Nxd5 Rf2 24. Re1 Bb7 25. Ne3 Rxb2 26. a4 Rd2 27. Kg1 Rxd3 28. Rb1 Bc6 29. Nc4 h6 30. Ne5 Rd6 31. Rb8+ Kh7 32. Nxc6 Rxc6 33. Rb7 Ra6 34. Rb4 Kg6 35. Kf2 Re6 36. Kf3 Kg5 37. Rb7 Ra6 38. Rxg7+ Kf6 39. Rg4 Kf5 40. Rb4 h5 41. h3 Kg5 42. Rb5+ Kg6 43. a5 Rf6+ 44. Kg3 Rd6 45. Kh4 Rd4+ 46. g4 hxg4 47. hxg4 Rd6 48. Rg5+ Kh6 49. Rh5+ Kg6 50. Rc5 Re6 51. Kg3 Rf6 52. g5 Rf8 53. Kg4 Rf7 54. Rc6+ Kg7 55. a6 Rf1 56. Rc7+ Kg6 57. Rxa7 Ra1 58. Ra8 Ra4+ 59. Kf3 Kg7 60. a7 Kh7 61. Ke3 Ra3+ 62. Kd4 Ra1 63. Ke5 Re1+ 64. Kf4 Rf1+ 65. Kg3 Rg1+ 66. Kf3 Ra1 67. Rb8 Rxa7 68. Kg4 Ra1 69. Rb7+ Kg6 70. Rb6+ Kg7 71. Rb7+ 1/2-1/2